000 01377nam a2200337 a 4500
001 BRCA_2845
005 20190320204009.0
008 101208s1798----gw-a---###---#000-0#ger-u
041 _ager
044 _agw
084 _a270
_b.H33
_c1798
100 1 _aCervantes Saavedra, Miguel de
_d1547-1616
_9213
245 1 0 _aLeben und Thaten des Weisen Junkers Don Quixote von Mancha
_cMiguel de Cervantes Saavedra.
260 _aViena : Praga
_bFranz Haas
_c1798
300 _a4 v.
_bil.
_c19 cm.
500 _aContenido : v 2. Texto. -- v 3. Texto. -- v 4. Texto
500 _aEdición : Von Frierdrich Just. Bertuch
500 _aPara esta edición sirvió de modelo la anterior; va ilustrada con 6 láminas y 6 grabados dibujados por Chodowiecki Lúdovik Osterc
500 _aCon ex-libris de : Moritz Hochschild
500 _aExistencias : Ejemplar incompleto, solo existen los tomos II, III y IV
500 _aQMB110
546 _aTexto en : alemán
650 1 4 _aNovela española
_yÉpoca clásica, 1500-1700
_9215
650 1 4 _aLiteratura española
_yÉpoca clásica, 1500-1700
_9216
650 1 4 _aNovela española
_ySiglo XVII
_9217
650 1 4 _aDon Quijote (Personaje ficticio)
_eNovela
_9218
700 1 _aChodowiecki, Daniel Nikolaus
_d1726-1801
_eIlustrador
_97959
740 0 _aEl Ingenioso Hidalgo Don Quijote de la Mancha
902 _aQFM
942 _2lcc
_cB
999 _c2584
_d2584